Pays avec patrimoine mondial de l'UNESCO en péril. - Statistiques

Statistiques générales
  • Ce quiz a été pris 69 fois
  • Le résultat moyen est 16 sur 32
Statistiques - réponses
% Correct
3 Irak
83%
6 Syrie
83%
5 République démocratique du Congo
76%
1 Pérou
72%
2 Afghanistan
71%
1 Chili
71%
1 Égypte
71%
3 Mali
71%
1 Etats-Unis
69%
1 Venezuela
69%
1 Bolivie
66%
1 Niger
66%
5 Libye
60%
4 Israël
59%
1 Senegal
55%
1 Belize
48%
1 Honduras
45%
3 Yémen
45%
1 Indonésie
43%
1 Madagascar
43%
1 Panama
43%
1 Tanzanie
41%
1* Guinée
34%
1 Ouganda
34%
1* Côte d'Ivoire
33%
1 Serbie
29%
1 Royaume-Uni
28%
1 Salomon
28%
1 Micronésie
26%
1 République Centrafricaine
16%
1 Autriche
14%
1 Ouzbékistan
14%
Aucun quiz correspondant
Distribution des résultats
% des personnes avec chaque résultat
Percentile par nombre de réponses
Votre historique - résultats
Vous n’avez pas pris ce quiz